| 000 | 00440cam a22001454a 4500 | ||
|---|---|---|---|
| 020 | _a007135526X | ||
| 040 | _cDLC | ||
| 082 | 0 | 0 | _a910 INT 2001 A099 Or. |
| 100 | 1 | _aCarrier, Jim | |
| 245 | 1 | 4 |
_aThe ship and the storm : _bHurricane Mitch and the loss of the Fantome / |
| 260 |
_aCamden, Me. : _bInternational Marine/McGraw-Hill, _cc2001 |
||
| 300 |
_a263 p., [12] p. of plates : _bill., maps ; _c24 cm |
||
| 650 | 0 | _aShipwrecks | |
| 942 | _cEK | ||
| 999 |
_c12474 _d12474 |
||